Air Jordan 13 - Statistics

General Stats
  • This quiz has been taken 9 times
  • The average score is 8 of 16
Answer Stats
Picture Answer % Correct
bred
83%
flint
83%
playoff
83%
cherry
67%
he got game
67%
lucky green
67%
obsidian
67%
wheat
67%
bin 23
50%
Del Sol
33%
altitude
17%
grey toe
17%
history of flight
17%
island green
17%
lakers
17%
starfish
17%
No matching quizzes found
Score Distribution
Percent of People with Each Score
Percentile by Number Answered
Your Score History
You have not taken this quiz